000 00460nam a2200181Ia 4500
008 230524s9999 xx 000 0 und d
020 _a9788126517466
082 _a658.12
_bMER
100 _aJack R.Meredith
245 0 _aProject Management: A Managerial Approach
250 _a6TH
260 _aNEW DELHI
_bJohn Wiley
_c2009
300 _aXVII;658
500 _aQuantity Number: 2
650 _aManagement
700 _a Samuel J.Mantel
942 _cBK
999 _c46011
_d46011